| 000 | 00441nam a2200157Ia 4500 | ||
|---|---|---|---|
| 008 | 220216s9999 xx 000 0 und d | ||
| 100 | _aLiu Xiu Ying | ||
| 245 | 0 | _aStudy on rubberwood-attacking fungi and relevant controlling technology | |
| 260 |
_bChina Wood Industry _c1998 |
||
| 300 | _a21-23,30 | ||
| 500 | _aSource Year: 1999 | ||
| 650 | _acontrol measures | ||
| 650 | _aRubberwood attacking fungi | ||
| 856 | _uRPP | ||
| 942 | _cJS | ||
| 999 |
_c69852 _d69852 |
||